000 00427nam a22001817a 4500
003 MPLRDC
005 20220104144850.0
008 210129b ||||| |||| 00| 0 eng d
082 _a857.7 XMY v.167
100 _a梦萝著
245 _a巫女的屠魔英雄
_c
250 _a初版
260 _a
_b星河出版社
_c1998
300 _b
490 _a寻梦园系列: 167
650 _a
942 _cBK
_o857.7 XMY v.167
999 _c51015
_d51005